[Event "25th North American Open"]
[Site "Las Vegas"]
[Date "2015.12.26"]
[Round "1"]
[White "Dreev, Alexey"]
[Black "Zhu, Jack"]
[Result "1-0"]
[WhiteElo "2644"]
[BlackElo "2282"]
[PlyCount "59"]
[EventDate "2015.12.??"]
[EventType "swiss"]
[EventRounds "9"]
[EventCountry "USA"]
[Source "MonRoi"]

1. d4 Nf6 2. c4 g6 3. Nc3 d5 4. Bf4 Bg7 5. e3 O-O 6. Rc1 Nc6 7. Nf3 Bf5 8. Be2
dxc4 9. Bxc4 Ne4 10. O-O Rc8 11. a3 Nxc3 12. Rxc3 Be4 13. Be2 Qe8 14. Ng5 Bf5
15. Bb5 Bd7 16. Nf3 Nd8 17. Be2 c6 18. h3 f6 19. Qa4 e5 20. Bg3 c5 21. Qc2 exd4
22. exd4 cxd4 23. Rxc8 Bxc8 24. Qxc8 Qxe2 25. Bd6 Re8 26. Re1 Qb5 27. Rxe8+
Qxe8 28. Bc7 d3 29. Qxd8 Qxd8 30. Bxd8 1-0

[Event "25th North American Open"]
[Site "Las Vegas"]
[Date "2015.12.26"]
[Round "1"]
[White "Haessel, Dale"]
[Black "Xiong, Jeffery"]
[Result "0-1"]
[WhiteElo "2262"]
[BlackElo "2575"]
[PlyCount "58"]
[EventDate "2015.12.??"]
[EventType "swiss"]
[EventRounds "9"]
[EventCountry "USA"]
[Source "MonRoi"]

1. d4 Nf6 2. c4 e6 3. Nf3 b6 4. a3 Bb7 5. Nc3 g6 6. d5 Bg7 7. g3 O-O 8. Bg2 Na6
9. O-O Nc5 10. Bf4 d6 11. Rc1 a5 12. b4 axb4 13. axb4 Nce4 14. Nxe4 Nxe4 15.
Qd3 Nf6 16. e4 Ra4 17. dxe6 Bxe4 18. exf7+ Rxf7 19. Qb3 Qa8 20. c5 Ra3 21.
Qxf7+ Kxf7 22. Ng5+ Kg8 23. Nxe4 Nxe4 24. cxd6 cxd6 25. Bxd6 Qe8 26. Bxe4 Qxe4
27. Rfe1 Qa8 28. Bc7 Bd4 29. Red1 Qe4 0-1

[Event "25th North American Open"]
[Site "Las Vegas"]
[Date "2015.12.26"]
[Round "1"]
[White "Taghizadeh, Rayan"]
[Black "Wang, Chen"]
[Result "0-1"]
[WhiteElo "2259"]
[BlackElo "2530"]
[PlyCount "72"]
[EventDate "2015.12.??"]
[EventType "swiss"]
[EventRounds "9"]
[EventCountry "USA"]
[Source "MonRoi"]

1. e4 c5 2. Nf3 e6 3. d4 cxd4 4. Nxd4 Nc6 5. Nc3 Qc7 6. g3 a6 7. Bg2 Nf6 8. O-O
h5 9. Bg5 Ne5 10. Bf4 d6 11. Nde2 h4 12. h3 hxg3 13. Bxg3 g5 14. f4 gxf4 15.
Nxf4 Be7 16. Bf2 Bd7 17. a4 O-O-O 18. a5 Rdg8 19. Bb6 Qc6 20. Ra4 Nc4 21. Nfd5
exd5 22. exd5 Qxb6+ 23. axb6 Ne3 24. Qe2 Rxg2+ 25. Qxg2 Nxg2 26. Rc4+ Kb8 27.
Rc7 Rg8 28. Kh2 Nh4 29. Rf2 Bd8 30. Rc4 Ng6 31. b4 Ne5 32. Rcf4 Nh5 33. Re4 f5
34. Re1 Bxb6 35. Rff1 Rc8 36. Ne2 Rxc2 0-1

[Event "25th North American Open"]
[Site "Las Vegas"]
[Date "2015.12.26"]
[Round "1"]
[White "Barbosa, Oliver"]
[Black "Colas, Joshua"]
[Result "0-1"]
[WhiteElo "2518"]
[BlackElo "2245"]
[PlyCount "76"]
[EventDate "2015.12.??"]
[EventType "swiss"]
[EventRounds "9"]
[EventCountry "USA"]
[Source "MonRoi"]

1. d4 Nf6 2. c4 e6 3. Nf3 b6 4. a3 Bb7 5. Nc3 d5 6. Bg5 Be7 7. Qa4+ c6 8. Bxf6
Bxf6 9. cxd5 exd5 10. g3 O-O 11. Bg2 Nd7 12. O-O Re8 13. Rfe1 c5 14. e3 Qe7 15.
Rad1 a6 16. h4 b5 17. Qc2 Rac8 18. Qb1 g6 19. Ne2 c4 20. h5 Bg7 21. hxg6 hxg6
22. Nf4 a5 23. Qc2 b4 24. axb4 axb4 25. Nh4 Nf6 26. Bh3 b3 27. Qc1 Ra8 28. e4
Nxe4 29. f3 Qg5 30. fxe4 Qxg3+ 31. Nhg2 Rxe4 32. Rxe4 dxe4 33. Qxc4 g5 34. Be6
gxf4 35. Bxf7+ Kh8 36. Qc5 Ra6 37. d5 f3 38. Rd2 Ra1+ 0-1

[Event "25th North American Open"]
[Site "Las Vegas"]
[Date "2015.12.26"]
[Round "1"]
[White "Yanayt, Eugene"]
[Black "Yang, Darwin"]
[Result "0-1"]
[WhiteElo "2213"]
[BlackElo "2473"]
[PlyCount "94"]
[EventDate "2015.12.??"]
[EventType "swiss"]
[EventRounds "9"]
[EventCountry "USA"]
[Source "MonRoi"]

1. d4 Nf6 2. c4 e6 3. g3 d5 4. Nf3 c6 5. Qc2 Nbd7 6. Bg2 Be7 7. O-O O-O 8. Nbd2
b6 9. e4 Bb7 10. e5 Ne8 11. cxd5 cxd5 12. Re1 Rc8 13. Qd3 Nb8 14. Nf1 a5 15. h4
Ba6 16. Qd1 Nc6 17. Ne3 Nb4 18. Bf1 Bxf1 19. Rxf1 f5 20. a3 Nc6 21. Ng2 Nc7 22.
Be3 Qd7 23. Rc1 b5 24. Bg5 Na8 25. Bxe7 Nxe7 26. Nf4 h6 27. Qd2 a4 28. Qa5 Rc4
29. Rb1 Nc7 30. Nd3 Nc6 31. Qb6 Rb8 32. Nc5 Rxb6 33. Nxd7 Rb7 34. Rbc1 Na6 35.
Nc5 Nxc5 36. dxc5 Kf7 37. Rfd1 Rc7 38. Kg2 Ke7 39. Kf1 g6 40. Kg2 Kf7 41. Kf1
Ke7 42. Kg2 Rc8 43. Rxc4 bxc4 44. Nd4 Nxd4 45. Rxd4 Rxc5 46. Kf3 Rb5 47. Rd2 g5
0-1

[Event "25th North American Open"]
[Site "Las Vegas"]
[Date "2015.12.26"]
[Round "1"]
[White "Sevillano, Enrico"]
[Black "Yu, Jennifer"]
[Result "1-0"]
[WhiteElo "2470"]
[BlackElo "2198"]
[PlyCount "105"]
[EventDate "2015.12.??"]
[EventType "swiss"]
[EventRounds "9"]
[EventCountry "USA"]
[Source "MonRoi"]

1. e4 c5 2. c3 d5 3. exd5 Qxd5 4. Nf3 Nf6 5. Na3 Bg4 6. Be2 e6 7. Qa4+ Nc6 8.
Nc4 Qd8 9. Nce5 Qa5 10. Qxa5 Nxa5 11. Bb5+ Ke7 12. d4 a6 13. Be2 cxd4 14. Nxg4
Nxg4 15. Nxd4 Ne5 16. f4 Nd7 17. c4 Rc8 18. b3 Nc6 19. Bb2 Nxd4 20. Bxd4 f6 21.
b4 Kf7 22. c5 Nb8 23. Bc4 Nc6 24. Bc3 Ne7 25. O-O-O Nd5 26. Rxd5 exd5 27. Bxd5+
Kg6 28. Bxb7 Bxc5 29. bxc5 Rxc5 30. Kc2 a5 31. Re1 Rd8 32. Re7 Rd4 33. g3 Ra4
34. Kb3 Rxa2 35. Kxa2 Rxc3 36. Kb2 Rc5 37. Be4+ Kh6 38. Rb7 Rc4 39. Bd3 Rd4 40.
Kc3 Ra4 41. Bc2 Ra3+ 42. Rb3 Ra1 43. Rb1 Ra3+ 44. Kd2 Rf3 45. Ke2 Rc3 46. Rb2
Rc5 47. Ke3 Rc3+ 48. Bd3 Ra3 49. g4 Ra1 50. Rb5 g6 51. h4 a4 52. Rb7 a3 53. Kf3
1-0

[Event "25th North American Open"]
[Site "Las Vegas"]
[Date "2015.12.26"]
[Round "1"]
[White "Markzon, Gregory"]
[Black "Li, Ruifeng"]
[Result "0-1"]
[WhiteElo "2198"]
[BlackElo "2460"]
[PlyCount "78"]
[EventDate "2015.12.??"]
[EventType "swiss"]
[EventRounds "9"]
[EventCountry "USA"]
[Source "MonRoi"]

1. d4 Nf6 2. c4 e6 3. Nc3 Bb4 4. e3 O-O 5. Nge2 Re8 6. a3 Bf8 7. Ng3 d5 8. Bd3
b6 9. O-O Bb7 10. b3 dxc4 11. bxc4 c5 12. Bb2 Nbd7 13. Qe2 cxd4 14. exd4 g6 15.
Rad1 Bg7 16. Rfe1 Qc7 17. f3 a6 18. Bb1 Rad8 19. Ba2 Qb8 20. Qf2 Qc7 21. Nge4
Qf4 22. d5 exd5 23. cxd5 Nxe4 24. Nxe4 h6 25. Bc1 Qb8 26. Qh4 g5 27. Qf2 Bc8
28. h4 f5 29. d6+ Kh7 30. Ng3 Rxe1+ 31. Qxe1 Ne5 32. hxg5 Rxd6 33. f4 Ng4 34.
g6+ Rxg6 35. Qe8 Nf6 36. Qe3 Qc7 37. Bb2 Ng4 38. Qb3 Qc5+ 39. Kh1 Be6 0-1

[Event "25th North American Open"]
[Site "Las Vegas"]
[Date "2015.12.26"]
[Round "1"]
[White "Kiewra, Keaton"]
[Black "Rowe, Duane"]
[Result "1-0"]
[WhiteElo "2444"]
[BlackElo "2196"]
[PlyCount "151"]
[EventDate "2015.12.??"]
[EventType "swiss"]
[EventRounds "9"]
[EventCountry "USA"]
[Source "MonRoi"]

1. d4 Nf6 2. Bg5 Ne4 3. Bf4 c5 4. f3 Qa5+ 5. c3 Nf6 6. d5 d6 7. e4 g6 8. Qd2 h6
9. Na3 Bg7 10. Nc4 Qd8 11. a4 b6 12. Bd3 Ba6 13. Nh3 Bxc4 14. Bxc4 Nbd7 15. Bb5
Kf8 16. O-O Kg8 17. Nf2 a6 18. Be2 Qc7 19. c4 Kh7 20. Be3 Rhf8 21. f4 Rad8 22.
Rad1 Nb8 23. Bd3 Nbd7 24. Qe2 Kg8 25. Qf3 Nh7 26. Qh3 Ndf6 27. Bd2 Nd7 28. Rde1
Qc8 29. e5 dxe5 30. f5 g5 31. Ng4 f6 32. d6 exd6 33. Be4 Nb8 34. Qh5 d5 35.
Bxd5+ Rxd5 36. cxd5 Qd7 37. Qg6 Qxd5 38. Bc3 Nc6 39. Nxh6+ Kh8 40. Ng4 Rf7 41.
Re3 Ne7 42. Qh5 Kg8 43. Rh3 Nf8 44. Ne3 Qe4 45. Rg3 Nc6 46. Qe2 Qxa4 47. Rg4
Qb5 48. Qf2 Nd4 49. h4 Nh7 50. Nd5 Rd7 51. Ne3 Qe2 52. Bxd4 Qxf2+ 53. Kxf2 exd4
54. Nc4 b5 55. Nd2 gxh4 56. Ra1 Ng5 57. Rxa6 c4 58. Rxh4 c3 59. bxc3 dxc3 60.
Nb3 Rd1 61. Ra8+ Bf8 62. Rc8 Rd3 63. Rd4 Rxd4 64. Nxd4 b4 65. Ne6 Nxe6 66. fxe6
Kg7 67. g4 Bd6 68. Ke3 Kg6 69. Ke4 Kg5 70. Rg8+ Kh4 71. Kd3 Kg3 72. g5 f5 73.
g6 Be5 74. e7 b3 75. e8=Q Kf4 76. Qa4+ 1-0

[Event "25th North American Open"]
[Site "Las Vegas"]
[Date "2015.12.26"]
[Round "1"]
[White "Bao, Qilin"]
[Black "Bartholomew, John"]
[Result "0-1"]
[WhiteElo "2194"]
[BlackElo "2443"]
[PlyCount "132"]
[EventDate "2015.12.??"]
[EventType "swiss"]
[EventRounds "9"]
[EventCountry "USA"]
[Source "MonRoi"]

1. e4 d5 2. Nc3 dxe4 3. Nxe4 Qd5 4. Ng3 Nc6 5. Nf3 e5 6. b3 Bg4 7. Bc4 Qd7 8.
h3 Be6 9. Bb2 Bxc4 10. bxc4 O-O-O 11. O-O Bd6 12. d3 Nge7 13. Ng5 Rdf8 14. N5e4
f5 15. c5 fxe4 16. cxd6 cxd6 17. dxe4 Kb8 18. a4 Rc8 19. Ra3 Na5 20. Rd3 Nc4
21. Qa1 Rhd8 22. Bc3 Qc6 23. Bb4 Ng6 24. Rfd1 Ka8 25. Bd2 Nf4 26. Bxf4 exf4 27.
Nf5 Qxe4 28. Nxd6 Rxd6 29. Rxd6 Nxd6 30. Rxd6 a6 31. Qd4 Qxc2 32. Qxf4 Qc1+ 33.
Qxc1 Rxc1+ 34. Kh2 Rc4 35. a5 Rc5 36. Rd7 Rxa5 37. Rxg7 b5 38. Rg4 Ra2 39. Kg3
Ra3+ 40. Kh4 Ra2 41. Kg3 Ra1 42. Re4 Kb7 43. f4 Rf1 44. Re7+ Kb6 45. Re6+ Ka5
46. Re5 Ka4 47. f5 b4 48. Re6 a5 49. f6 b3 50. Re4+ Kb5 51. Re3 a4 52. Rf3 Rd1
53. f7 Rd8 54. f8=Q Rxf8 55. Rxf8 a3 56. Ra8 a2 57. Kg4 Kc4 58. Kg5 Kc3 59. Kh6
Kb2 60. Kxh7 a1=Q 61. Rxa1 Kxa1 62. h4 b2 63. g4 b1=Q+ 64. Kh6 Qe4 65. Kh5 Qf4
66. g5 Qg3 0-1

[Event "25th North American Open"]
[Site "Las Vegas"]
[Date "2015.12.26"]
[Round "1"]
[White "Niemann, Hans"]
[Black "Bodek, Michael"]
[Result "0-1"]
[WhiteElo "2154"]
[BlackElo "2410"]
[PlyCount "48"]
[EventDate "2015.12.??"]
[EventType "swiss"]
[EventRounds "9"]
[EventCountry "USA"]
[Source "MonRoi"]

1. d4 Nf6 2. c4 e6 3. Nc3 Bb4 4. Bg5 h6 5. Bh4 c5 6. d5 b5 7. dxe6 fxe6 8. cxb5
d5 9. a3 Ba5 10. e3 O-O 11. Nf3 a6 12. Be2 Bxc3+ 13. bxc3 axb5 14. O-O Qa5 15.
Qc2 Nc6 16. Bd3 e5 17. Nd2 c4 18. Be2 Be6 19. f4 d4 20. cxd4 exd4 21. Ne4 Nd5
22. Nc5 Bf5 23. Qa2 Nxe3 24. Bf3 Qb6 0-1

[Event "25th North American Open"]
[Site "Las Vegas"]
[Date "2015.12.26"]
[Round "1"]
[White "Gulamali, Kazim"]
[Black "He, Sam"]
[Result "1/2-1/2"]
[WhiteElo "2379"]
[BlackElo "2085"]
[PlyCount "85"]
[EventDate "2015.12.??"]
[EventType "swiss"]
[EventRounds "9"]
[EventCountry "USA"]
[Source "MonRoi"]

1. e4 c5 2. Nf3 d6 3. Bb5+ Nd7 4. O-O Ngf6 5. Re1 a6 6. Bd3 b5 7. c3 e5 8. Bc2
Be7 9. d4 O-O 10. d5 c4 11. b4 cxb3 12. axb3 a5 13. b4 Nb6 14. Nfd2 Bd7 15.
bxa5 Nc4 16. Nxc4 bxc4 17. a6 Qb6 18. Be3 Qb2 19. Ra3 Ng4 20. Qc1 Qb8 21. a7
Qb7 22. Ba4 f5 23. Bxd7 Qxd7 24. f3 Nxe3 25. Qxe3 fxe4 26. fxe4 h6 27. Kh1 Bh4
28. g3 Qh3 29. Rg1 Bg5 30. Qe2 Rf7 31. Qg2 Qg4 32. h3 Qh5 33. Rf1 Rfxa7 34.
Rxa7 Rxa7 35. Kh2 Be3 36. Qc2 Rb7 37. Kg2 Qg6 38. Rf3 Bg5 39. Na3 Rc7 40. Qe2
Qe8 41. h4 Bd8 42. Qf1 Be7 43. Nxc4 1/2-1/2

[Event "25th North American Open"]
[Site "Las Vegas"]
[Date "2015.12.26"]
[Round "1"]
[White "Wang, Annie"]
[Black "Wheeler, Cameron"]
[Result "1/2-1/2"]
[WhiteElo "2082"]
[BlackElo "2369"]
[PlyCount "57"]
[EventDate "2015.12.??"]
[EventType "swiss"]
[EventRounds "9"]
[EventCountry "USA"]
[Source "MonRoi"]

1. d4 d5 2. c4 c6 3. Nc3 Nf6 4. Nf3 dxc4 5. a4 Bf5 6. Ne5 Nbd7 7. Nxc4 Qc7 8.
g3 e5 9. dxe5 Nxe5 10. Bf4 Nfd7 11. Bg2 f6 12. O-O O-O-O 13. Nxe5 Nxe5 14. Qb3
Bc5 15. a5 Rd4 16. Ra4 Rhd8 17. a6 Qb6 18. Qa2 Bc2 19. axb7+ Kxb7 20. Rxd4 Bxd4
21. e3 Bb3 22. Qa1 Bxc3 23. bxc3 a5 24. Qa3 a4 25. Bxe5 fxe5 26. Qe7+ Qc7 27.
Qb4+ Qb6 28. Qe7+ Qc7 29. Qb4+ 1/2-1/2

[Event "25th North American Open"]
[Site "Las Vegas"]
[Date "2015.12.26"]
[Round "1"]
[White "Helfst, Matt"]
[Black "Hilby, Craig"]
[Result "0-1"]
[WhiteElo "1940"]
[BlackElo "2354"]
[PlyCount "86"]
[EventDate "2015.12.??"]
[EventType "swiss"]
[EventRounds "9"]
[EventCountry "USA"]
[Source "MonRoi"]

1. c4 Nf6 2. Nf3 c5 3. d4 e6 4. Nc3 cxd4 5. Nxd4 Nc6 6. e3 Bb4 7. Nc2 Be7 8.
Be2 b6 9. e4 O-O 10. O-O Bb7 11. f4 d6 12. Bf3 Rc8 13. b3 a6 14. Qe1 b5 15.
cxb5 axb5 16. Be3 Nb8 17. Rc1 Nbd7 18. Nxb5 Nxe4 19. Na7 Ra8 20. Nb4 Ndc5 21.
Nac6 Qd7 22. Nxe7+ Qxe7 23. Bd4 f5 24. Qe3 Rfc8 25. a4 Rab8 26. Bxc5 Nxc5 27.
Nd5 Qd8 28. b4 Bxd5 29. Bxd5 exd5 30. bxc5 dxc5 31. Qe6+ Kh8 32. Qxf5 Rb6 33.
Rfe1 Rd6 34. Re5 c4 35. Rce1 Rf6 36. Re8+ Qxe8 37. Rxe8+ Rxe8 38. Qxd5 Rxf4 39.
Qd2 Rf6 40. h3 Rc8 41. Qc3 Rd6 42. Kf2 Rd3 43. Qc2 c3 0-1

[Event "25th North American Open"]
[Site "Las Vegas"]
[Date "2015.12.26"]
[Round "1"]
[White "Vibbert, Sean"]
[Black "Chang, Eliam"]
[Result "1-0"]
[WhiteElo "2313"]
[BlackElo "1822"]
[PlyCount "103"]
[EventDate "2015.12.??"]
[EventType "swiss"]
[EventRounds "9"]
[EventCountry "USA"]
[Source "MonRoi"]

1. e4 e5 2. Nf3 Nc6 3. Bb5 a6 4. Ba4 Nf6 5. O-O Be7 6. Bxc6 dxc6 7. d3 Qd6 8.
Nbd2 Be6 9. b3 Nd7 10. a4 c5 11. Nc4 Bxc4 12. bxc4 O-O-O 13. Bb2 g5 14. Nd2 h5
15. Qe2 Rdg8 16. Rfb1 a5 17. Nf1 Rh7 18. Ne3 g4 19. Nf5 Qe6 20. Bc1 b6 21. Be3
h4 22. Qd2 Rg6 23. Rf1 Rh5 24. f3 h3 25. fxg4 Rxg4 26. g3 Rg6 27. Qe2 Rh8 28.
Rf3 Rh7 29. Raf1 Bd8 30. Bd2 Nf6 31. Ne3 Qc6 32. Bc3 Qe6 33. Rf5 Nd7 34. Qf3 f6
35. Nd5 Kb7 36. Bd2 Kc8 37. Ne3 Qc6 38. Ra1 Nf8 39. Rh5 Rgh6 40. g4 Qd7 41. Nf5
Rxh5 42. gxh5 Ne6 43. Kh1 Kb8 44. h6 Ka7 45. Be3 Be7 46. Qxh3 Bf8 47. Qg4 Nd4
48. Bxd4 cxd4 49. Rg1 Qxa4 50. Qg8 Qxc2 51. Qxh7 Qxd3 52. Nh4 1-0

[Event "25th North American Open"]
[Site "Las Vegas"]
[Date "2015.12.26"]
[Round "1"]
[White "Matus, Nastassja"]
[Black "Williams, Justus"]
[Result "1/2-1/2"]
[WhiteElo "1721"]
[BlackElo "2310"]
[PlyCount "50"]
[EventDate "2015.12.??"]
[EventType "swiss"]
[EventRounds "9"]
[EventCountry "USA"]
[Source "MonRoi"]

1. d4 Nf6 2. c4 e6 3. g3 Bb4+ 4. Bd2 Bxd2+ 5. Qxd2 Qe7 6. Bg2 d6 7. Nc3 e5 8.
dxe5 dxe5 9. Nd5 Nxd5 10. cxd5 O-O 11. e4 Rd8 12. Ne2 c6 13. Nc3 b5 14. a3 Bb7
15. O-O Nd7 16. Qe2 a6 17. Rfd1 Nb6 18. dxc6 Bxc6 19. Nd5 Bxd5 20. exd5 Ra7 21.
d6 Qf6 22. Re1 Rxd6 23. Qxe5 Qxe5 24. Rxe5 f6 25. Re2 Kf7 1/2-1/2

[Event "25th North American Open"]
[Site "Las Vegas"]
[Date "2015.12.26"]
[Round "1"]
[White "Mikhalevski, Victor"]
[Black "Atoufi, Pedram"]
[Result "1-0"]
[WhiteElo "2535"]
[BlackElo "2261"]
[PlyCount "69"]
[EventDate "2015.12.??"]
[EventType "swiss"]
[EventRounds "9"]
[EventCountry "USA"]
[Source "MonRoi"]

1. c4 Nf6 2. g3 g6 3. b3 Bg7 4. Bb2 O-O 5. Nf3 d6 6. d4 e5 7. dxe5 Nfd7 8. Nc3
dxe5 9. Bg2 Nc6 10. Qc1 Re8 11. Ng5 h6 12. Nxf7 Kxf7 13. Bd5+ Kf8 14. Ba3+ Ne7
15. Ne4 Nb6 16. Nc3 Nbxd5 17. Nxd5 Bh3 18. Nf6 Bxf6 19. Qxh6+ Kf7 20. Qxh3 Qd4
21. O-O Rad8 22. Rad1 Qxd1 23. Rxd1 Rxd1+ 24. Kg2 e4 25. Qh7+ Bg7 26. Qh4 Nf5
27. Qf4 Rd7 28. h4 Bh6 29. Qg4 Re6 30. h5 Ng7 31. hxg6+ Kg8 32. Qh3 Rxg6 33.
Qxd7 Rc6 34. Qc8+ Kh7 35. Qxb7 1-0

[Event "25th North American Open"]
[Site "Las Vegas"]
[Date "2015.12.26"]
[Round "2"]
[White "Wang, Chen"]
[Black "Brown, Michael"]
[Result "1/2-1/2"]
[WhiteElo "2530"]
[BlackElo "2366"]
[PlyCount "144"]
[EventDate "2015.12.??"]
[EventType "swiss"]
[EventRounds "9"]
[EventCountry "USA"]
[Source "MonRoi"]

1. e4 e5 2. Nf3 Nc6 3. Bb5 a6 4. Ba4 Nf6 5. d3 b5 6. Bb3 Be7 7. Nc3 d6 8. a4 b4
9. Nd5 Rb8 10. a5 O-O 11. Be3 h6 12. O-O Be6 13. c3 bxc3 14. bxc3 Rb7 15. Bc4
Nb8 16. Rb1 Rxb1 17. Qxb1 c6 18. Nxf6+ Bxf6 19. Bxe6 fxe6 20. Qa2 Re8 21. d4
exd4 22. cxd4 d5 23. Nd2 e5 24. dxe5 Bxe5 25. Rd1 Bc3 26. Nb1 Qxa5 27. Nxc3
Qxc3 28. exd5 cxd5 29. Qxd5+ Kh8 30. h3 Qc6 31. Qf7 Kh7 32. Bf4 Qg6 33. Qb7 Nc6
34. Rd6 Nd8 35. Qb6 Qf5 36. Be3 Nf7 37. Rc6 Rc8 38. Qxa6 Rxc6 39. Qxc6 h5 40.
Qb7 Nd8 41. Qe7 Ne6 42. Qh4 Kg8 43. Qc4 Kh7 44. g4 hxg4 45. hxg4 Qe5 46. Qd3+
Kg8 47. Qb3 Kh8 48. Qd3 Kg8 49. Qc4 Kh7 50. Kf1 Qa1+ 51. Kg2 Qe5 52. Qd3+ Kg8
53. Qd2 Nc7 54. Qd8+ Kh7 55. Qd3+ Kg8 56. f3 Nd5 57. Bd2 Kf7 58. Qc4 Qe6 59.
Qd3 Qe5 60. Kf1 Qa1+ 61. Kf2 Qe5 62. Kg2 Kg8 63. Qc4 Qe6 64. Kf2 Kf7 65. Bf4
Nf6 66. Qc2 Nxg4+ 67. fxg4 Qxg4 68. Qc7+ Kg6 69. Qc2+ Qf5 70. Qxf5+ Kxf5 71.
Kg3 g6 72. Be3 g5 1/2-1/2

[Event "25th North American Open"]
[Site "Las Vegas"]
[Date "2015.12.26"]
[Round "2"]
[White "Jinshi, Bai"]
[Black "Viswanadha, Kesav"]
[Result "1/2-1/2"]
[WhiteElo "2502"]
[BlackElo "2366"]
[PlyCount "105"]
[EventDate "2015.12.??"]
[EventType "swiss"]
[EventRounds "9"]
[EventCountry "USA"]
[Source "MonRoi"]

1. Nf3 Nf6 2. c4 e6 3. g3 d5 4. Bg2 dxc4 5. Qa4+ Nbd7 6. Qxc4 a6 7. Qb3 Rb8 8.
a4 b6 9. O-O Bb7 10. d3 Be7 11. Nc3 c5 12. Bf4 Rc8 13. Nd2 Bxg2 14. Kxg2 Rc6
15. Bg5 Nd5 16. Bxe7 Nxe7 17. Nf3 O-O 18. Rfc1 Nf5 19. Ne4 Qa8 20. Rc2 Nd4 21.
Nxd4 cxd4 22. Kg1 Rxc2 23. Qxc2 Rc8 24. Qd2 Nc5 25. Nxc5 Rxc5 26. a5 bxa5 27.
Rxa5 Qc6 28. Rxc5 Qxc5 29. b4 Qc3 30. Qa2 Qxb4 31. Qxa6 h6 32. Qa8+ Kh7 33.
Qe4+ Kg8 34. Kg2 Qb2 35. g4 Qd2 36. Qa8+ Kh7 37. Qe4+ Kg8 38. f4 g6 39. Kf2 Qb4
40. Qe5 Qe7 41. g5 hxg5 42. fxg5 Qb4 43. h4 Kf8 44. Kf3 Qb7+ 45. Kg3 Qb4 46.
Kf2 Qb6 47. Kg3 Qb4 48. Kf2 Qb6 49. Qh8+ Ke7 50. Qf6+ Ke8 51. Qf4 Ke7 52. Qf6+
Ke8 53. Qe5 1/2-1/2

[Event "25th North American Open"]
[Site "Las Vegas"]
[Date "2015.12.26"]
[Round "2"]
[White "Tarjan, James"]
[Black "Wang, Jue"]
[Result "1-0"]
[WhiteElo "2478"]
[BlackElo "2364"]
[PlyCount "85"]
[EventDate "2015.12.??"]
[EventType "swiss"]
[EventRounds "9"]
[EventCountry "USA"]
[Source "MonRoi"]

1. c4 g6 2. g3 Bg7 3. Bg2 Nf6 4. Nc3 O-O 5. d4 d6 6. Nf3 Nc6 7. O-O a6 8. Bf4
Rb8 9. Rc1 Bd7 10. c5 dxc5 11. dxc5 Nh5 12. Be3 Nf6 13. Rc2 Qc8 14. Nd4 Nxd4
15. Bxd4 Bh3 16. Rd2 Bxg2 17. Kxg2 Qe8 18. e4 Qc6 19. Qf3 Nd7 20. Bxg7 Kxg7 21.
b4 b6 22. Rfd1 Ne5 23. Qe3 bxc5 24. bxc5 f6 25. Rc2 e6 26. Ne2 Rfe8 27. f4 Ng4
28. Qf3 f5 29. h3 Nf6 30. exf5 Qxf3+ 31. Kxf3 exf5 32. g4 Rbd8 33. Rcd2 Rxd2
34. Rxd2 Kf7 35. Ng3 fxg4+ 36. hxg4 h5 37. g5 Ng4 38. f5 gxf5 39. Kf4 Kg6 40.
Rd7 Re5 41. Rxc7 Re1 42. Rc6+ Kf7 43. g6+ 1-0

[Event "25th North American Open"]
[Site "Las Vegas"]
[Date "2015.12.26"]
[Round "2"]
[White "Kavutskiy, Konstantin"]
[Black "Nakar, Eylon"]
[Result "1-0"]
[WhiteElo "2360"]
[BlackElo "2476"]
[PlyCount "101"]
[EventDate "2015.12.??"]
[EventType "swiss"]
[EventRounds "9"]
[EventCountry "USA"]
[Source "MonRoi"]

1. d4 Nf6 2. c4 g6 3. Nc3 Bg7 4. e4 O-O 5. Nge2 d6 6. f3 a6 7. Be3 Nbd7 8. a4
a5 9. g4 e5 10. d5 Ne8 11. Ng3 Bf6 12. Bd3 Nc5 13. Bc2 Bg5 14. Qd2 Bxe3 15.
Qxe3 Qh4 16. O-O-O Ng7 17. Rdf1 f6 18. Nb5 Na6 19. Ne2 Kh8 20. h3 Bd7 21. f4
exf4 22. Rxf4 Rf7 23. Rg1 Raf8 24. Ned4 Qh6 25. Qf2 Ne8 26. h4 Nc5 27. Kb1 Kg8
28. Nc3 Re7 29. Rf1 Qg7 30. Nd1 Rff7 31. Ne3 Qf8 32. Qg2 Ng7 33. b3 Qd8 34. h5
g5 35. R4f2 h6 36. Nef5 Nxf5 37. exf5 Re5 38. Ne6 Qb8 39. Re2 Rxe2 40. Qxe2 b6
41. Rf3 Re7 42. Re3 Re8 43. Nxc7 Rxe3 44. Qxe3 Qxc7 45. Qe7 Qb8 46. Qxf6 Qf8
47. Qg6+ Qg7 48. Qxd6 Qc3 49. Qg6+ Kf8 50. f6 Qe1+ 51. Ka2 1-0

[Event "25th North American Open"]
[Site "Las Vegas"]
[Date "2015.12.26"]
[Round "2"]
[White "Yang, Darwin"]
[Black "Velikanov, Alexander"]
[Result "0-1"]
[WhiteElo "2473"]
[BlackElo "2324"]
[PlyCount "38"]
[EventDate "2015.12.??"]
[EventType "swiss"]
[EventRounds "9"]
[EventCountry "USA"]
[Source "MonRoi"]

1. d4 Nf6 2. c4 g6 3. f3 d5 4. cxd5 Nxd5 5. e4 Nb6 6. Nc3 Bg7 7. Be3 O-O 8. Qd2
Nc6 9. O-O-O a5 10. h4 a4 11. Kb1 f5 12. e5 f4 13. Bxf4 Bf5+ 14. Kc1 Nb4 15.
Bh6 Qd5 16. g4 Nxa2+ 17. Nxa2 a3 18. Nc3 a2 19. gxf5 Qb3 0-1

[Event "25th North American Open"]
[Site "Las Vegas"]
[Date "2015.12.26"]
[Round "2"]
[White "Song, Michael"]
[Black "Sevillano, Enrico"]
[Result "1-0"]
[WhiteElo "2340"]
[BlackElo "2470"]
[PlyCount "65"]
[EventDate "2015.12.??"]
[EventType "swiss"]
[EventRounds "9"]
[EventCountry "USA"]
[Source "MonRoi"]

1. d4 Nf6 2. c4 e6 3. Nc3 d5 4. cxd5 exd5 5. Bg5 c6 6. e3 Be7 7. Bd3 O-O 8. Qc2
Nbd7 9. Nge2 Re8 10. O-O Nf8 11. f3 g6 12. Rad1 a6 13. Kh1 Ne6 14. Bh4 Nh5 15.
Bf2 Bf8 16. Qb3 b5 17. Bb1 a5 18. e4 Ba6 19. Rfe1 a4 20. Qc2 a3 21. bxa3 Nc7
22. Ng3 Ng7 23. a4 b4 24. Nce2 Bb7 25. Nf4 Nce6 26. Nxe6 Nxe6 27. e5 f5 28.
Nxf5 gxf5 29. g4 Bh6 30. gxf5 Nf8 31. Rg1+ Kh8 32. Rg4 Qe7 33. Bh4 1-0

[Event "25th North American Open"]
[Site "Las Vegas"]
[Date "2015.12.26"]
[Round "2"]
[White "Li, Ruifeng"]
[Black "Landaw, Julian"]
[Result "1-0"]
[WhiteElo "2460"]
[BlackElo "2340"]
[PlyCount "149"]
[EventDate "2015.12.??"]
[EventType "swiss"]
[EventRounds "9"]
[EventCountry "USA"]
[Source "MonRoi"]

1. e4 e5 2. Nf3 Nc6 3. Bb5 a6 4. Ba4 Nf6 5. O-O Be7 6. Nc3 b5 7. Bb3 d6 8. a3
Bg4 9. h3 Bxf3 10. Qxf3 Nd4 11. Qd1 Nxb3 12. cxb3 O-O 13. d4 Nd7 14. Be3 Bg5
15. Bxg5 Qxg5 16. Rc1 exd4 17. Qxd4 Nc5 18. Qd1 Rae8 19. Re1 f5 20. Qd5+ Kh8
21. b4 Re5 22. Qd1 Nxe4 23. Nxe4 fxe4 24. Rxc7 Qh4 25. Re2 d5 26. Qd4 Qf6 27.
Rec2 h6 28. R2c6 Qf5 29. Rg6 Qxg6 30. Qxe5 Rd8 31. Re7 Kh7 32. Re6 Qg5 33. Qxg5
hxg5 34. Rxa6 d4 35. Kf1 d3 36. Ke1 Rc8 37. Re6 Rc1+ 38. Kd2 Rc2+ 39. Kd1 Rxf2
40. Rxe4 Rxb2 41. Re5 Ra2 42. Rxb5 Rxa3 43. Rxg5 Ra2 44. Rd5 Rb2 45. b5 d2 46.
h4 g6 47. Ke2 Kg7 48. Rg5 Kh7 49. g3 Kh6 50. Rd5 Kg7 51. Kd1 Kh7 52. Ke2 Kg7
53. g4 Kh7 54. g5 Kg7 55. Kd1 Kh7 56. Rd7+ Kg8 57. Rd6 Rxb5 58. Rxg6+ Kh7 59.
Rh6+ Kg7 60. Kxd2 Rb3 61. Ke2 Ra3 62. Kf2 Rb3 63. Kg2 Ra3 64. Rf6 Rb3 65. Rf3
Rb1 66. Kh3 Rg1 67. Rg3 Ra1 68. Kg4 Kg6 69. h5+ Kg7 70. Rf3 Rg1+ 71. Kf5 Rh1
72. h6+ Kh7 73. g6+ Kg8 74. Kf6 Ra1 75. h7+ 1-0